[Event "National Capital op"]
[Site "Ottawa CAN"]
[Date "2019.11.08"]
[Round "1"]
[White "Han, Johnathan"]
[Black "Liang, Jason"]
[Result "1/2-1/2"]
[WhiteElo "2005"]
[BlackElo "2300"]
[PlyCount "160"]
[EventDate "2019.11.08"]
[EventType "swiss"]
[EventRounds "5"]
[EventCountry "CAN"]

1. e4 c6 2. d4 d5 3. Nd2 dxe4 4. Nxe4 Nd7 5. Nf3 Ngf6 6. Nxf6+ Nxf6 7. c3 Bf5
8. Be2 e6 9. Bf4 Be7 10. O-O O-O 11. Bd3 Bg4 12. h3 Bh5 13. Be2 Nd5 14. Bh2 Bd6
15. Bxd6 Qxd6 16. Ne5 Bxe2 17. Qxe2 Rad8 18. Rad1 c5 19. c4 Nf6 20. dxc5 Qxc5
21. b3 Qa5 22. Qb2 h6 23. a4 a6 24. Nf3 Qb4 25. Nd4 Ne4 26. Rd3 Qb6 27. Rdd1
Rd6 28. Nf3 Rfd8 29. Rxd6 Qxd6 30. b4 Qf4 31. Qc1 Qf6 32. Rd1 Rc8 33. Rd4 Ng5
34. Rf4 Nxf3+ 35. Rxf3 Qd4 36. Qf4 Qxf4 37. Rxf4 Rd8 38. c5 Rd1+ 39. Kh2 Ra1
40. a5 Rb1 41. Rc4 g6 42. c6 bxc6 43. Rxc6 Rxb4 44. Rxa6 Ra4 45. Ra8+ Kg7 46.
g3 h5 47. h4 Kf6 48. a6 Ra3 49. Kg2 Ke5 50. a7 Kf6 51. Kh2 Ra2 52. Kg2 Ra3 53.
Kh2 Kg7 54. Kg2 Kh7 55. Kh2 Kg7 56. Kg2 Kf6 57. Kh2 Kf5 58. Kg2 Ra2 59. Kf3
Ra3+ 60. Kg2 e5 61. Kh2 e4 62. Kg2 Ra1 63. Kh3 Ra2 64. Kg2 e3 65. Re8 e2 66.
Rxe2 Rxa7 67. Re3 Kf6 68. Kf3 Ra2 69. Kg2 Rb2 70. Kf3 Kf5 71. Kg2 Ra2 72. Kf3
f6 73. Kg2 g5 74. hxg5 fxg5 75. Rb3 Ra5 76. Rb4 Re5 77. Rb3 Rc5 78. Rb4 Rc3 79.
Rb5+ Kg6 80. Rb6+ Kg7 1/2-1/2

[Event "National Capital op"]
[Site "Ottawa CAN"]
[Date "2019.11.08"]
[Round "1"]
[White "Joseph Benher, Savio"]
[Black "Gordon, David"]
[Result "1/2-1/2"]
[WhiteElo "1966"]
[BlackElo "2260"]
[PlyCount "87"]
[EventDate "2019.11.08"]
[EventType "swiss"]
[EventRounds "5"]
[EventCountry "CAN"]

1. e4 c5 2. Nf3 Nc6 3. Bb5 Nf6 4. Nc3 g6 5. O-O Bg7 6. h3 O-O 7. Re1 Ne8 8.
Bxc6 dxc6 9. e5 Nc7 10. d3 Ne6 11. Ne4 b6 12. Bd2 a5 13. Qc1 Nd4 14. Nxd4 Qxd4
15. Bc3 Qd5 16. Qg5 Ra7 17. f4 Bf5 18. g4 Bxe4 19. dxe4 Qd8 20. Qh4 e6 21. Qxd8
Rxd8 22. a4 c4 23. Kf2 Bf8 24. Red1 Rad7 25. Ke2 Bc5 26. Rxd7 Rxd7 27. Rd1 Rxd1
28. Kxd1 Be3 29. Bd2 c3 30. bxc3 Bxd2 31. Kxd2 b5 32. Kc1 Kf8 33. Kb2 Ke7 34.
c4 b4 35. c5 h6 36. Kb3 Kf8 37. Kc4 Kg7 38. Kd4 Kh7 39. Ke3 Kg7 40. Kf3 Kh7 41.
h4 Kg7 42. Kg3 Kh7 43. h5 g5 44. f5 1/2-1/2

[Event "National Capital op"]
[Site "Ottawa CAN"]
[Date "2019.11.08"]
[Round "1"]
[White "Kearnan, Daniel"]
[Black "Gribanov, Anton"]
[Result "1-0"]
[WhiteElo "1848"]
[BlackElo "2100"]
[PlyCount "87"]
[EventDate "2019.11.08"]
[EventType "swiss"]
[EventRounds "5"]
[EventCountry "CAN"]

1. d4 Nf6 2. c4 g6 3. Nc3 d5 4. cxd5 Nxd5 5. Bd2 Bg7 6. e4 Nxc3 7. Bxc3 c5 8.
d5 Bxc3+ 9. bxc3 Qa5 10. Qd2 O-O 11. h4 h5 12. Nh3 Bxh3 13. Rxh3 Kh7 14. Be2 f6
15. g4 hxg4 16. Bxg4 Qa4 17. Qd3 Nd7 18. h5 g5 19. e5+ Kh8 20. Bxd7 Qxd7 21. e6
c4 22. Qf5 Qb5 23. Rb1 Qa6 24. Qg6 Rad8 25. Rd1 Qd6 26. Rd4 b5 27. f4 Qa3 28.
Rd1 Qxa2 29. fxg5 Qg2 30. gxf6 Qxg6 31. hxg6+ Kg8 32. fxe7 a5 33. exd8=Q Rxd8
34. e7 Re8 35. d6 b4 36. Re3 b3 37. d7 Kg7 38. dxe8=Q b2 39. Qf7+ Kh6 40. Qh7+
Kg5 41. Re5+ Kf4 42. Rd4+ Kg3 43. Qh4+ Kf3 44. Qg4# 1-0

[Event "National Capital op"]
[Site "Ottawa CAN"]
[Date "2019.11.08"]
[Round "1"]
[White "Pace, Christopher"]
[Black "Van Rooy, Jake"]
[Result "1/2-1/2"]
[WhiteElo "2264"]
[BlackElo "1988"]
[PlyCount "50"]
[EventDate "2019.11.08"]
[EventType "swiss"]
[EventRounds "5"]
[EventCountry "CAN"]

1. d4 e6 2. e4 c5 3. d5 d6 4. c4 Nf6 5. Nc3 Be7 6. Nf3 O-O 7. Bd3 Na6 8. O-O
Nc7 9. Re1 b5 10. cxb5 exd5 11. exd5 Bb7 12. Bc4 Nd7 13. Qd3 Bf6 14. Bf4 Nb6
15. Rad1 Nxc4 16. Qxc4 Bxc3 17. bxc3 Qf6 18. Bg5 Qf5 19. Qf4 Qxf4 20. Bxf4 Nxd5
21. Bxd6 Rfd8 22. Bxc5 Nxc3 23. Rxd8+ Rxd8 24. Nd4 f6 25. f3 Rd7 1/2-1/2

[Event "National Capital op"]
[Site "Ottawa CAN"]
[Date "2019.11.08"]
[Round "1"]
[White "Tanaka, Tyler"]
[Black "Desjardins, Michel"]
[Result "1/2-1/2"]
[WhiteElo "2238"]
[BlackElo "1946"]
[PlyCount "86"]
[EventDate "2019.11.08"]
[EventType "swiss"]
[EventRounds "5"]
[EventCountry "CAN"]

1. e4 d5 2. exd5 Qxd5 3. Nc3 Qd6 4. Nf3 Nf6 5. d4 g6 6. g3 Bg7 7. Bg2 Qa6 8.
Ne2 O-O 9. O-O Rd8 10. Nf4 Bg4 11. h3 Bxf3 12. Qxf3 c6 13. c3 Nbd7 14. Re1 e6
15. Nd3 Nd5 16. Bd2 Re8 17. Qe2 Rac8 18. a4 Qb6 19. a5 Qd8 20. Qd1 b5 21. axb6
axb6 22. Qb3 b5 23. Ra7 Rc7 24. Rxc7 Qxc7 25. Bxd5 cxd5 26. Qxb5 Rb8 27. Qa4
Qc4 28. Nb4 Nb6 29. Qc2 Rc8 30. Qb1 Qb3 31. Nd3 Nc4 32. Bf4 Ra8 33. Re2 Ra2 34.
Qc2 Qb5 35. Kg2 Bf8 36. Qb1 Qb3 37. Qc2 Qb5 38. Qc1 Qb3 39. Bh6 Bxh6 40. Qxh6
Qd1 41. Nf4 Ra1 42. g4 Qg1+ 43. Kf3 Rd1 1/2-1/2

[Event "National Capital op"]
[Site "Ottawa CAN"]
[Date "2019.11.08"]
[Round "1"]
[White "Xu, Daniel"]
[Black "Sambuev, Bator"]
[Result "0-1"]
[WhiteElo "2186"]
[BlackElo "2580"]
[PlyCount "92"]
[EventDate "2019.11.08"]
[EventType "swiss"]
[EventRounds "5"]
[EventCountry "CAN"]

1. d4 Nf6 2. c4 e6 3. Nc3 Bb4 4. e3 O-O 5. Bd3 c5 6. Nge2 cxd4 7. exd4 d5 8. a3
dxc4 9. Bxc4 Be7 10. O-O a6 11. Bg5 b5 12. Ba2 Bb7 13. Qd3 Nbd7 14. Rad1 Nb6
15. Rfe1 Nbd5 16. Bxf6 Nxf6 17. d5 exd5 18. Nxd5 Nxd5 19. Bxd5 Bxd5 20. Qxd5
Qxd5 21. Rxd5 Bf6 22. Rd2 Rfd8 23. Red1 Rxd2 24. Rxd2 Kf8 25. g3 Rc8 26. Kg2
Be5 27. f4 Bf6 28. Kf3 Ke7 29. Ke3 g6 30. Kf3 h5 31. h3 Rc4 32. h4 Rc5 33. Ke4
a5 34. b3 a4 35. b4 Rc4+ 36. Ke3 Ke6 37. Kf3 Bc3 38. Rc2 Be1 39. Rxc4 bxc4 40.
Ke4 c3 41. Kd3 f5 42. Kc2 Kd5 43. Nxc3+ Kd4 44. Ne2+ Ke3 45. Kd1 Bf2 46. Nc3
Bxg3 0-1

[Event "National Capital op"]
[Site "Ottawa CAN"]
[Date "2019.11.09"]
[Round "2"]
[White "Gribanov, Anton"]
[Black "Latreille, Etienne"]
[Result "1-0"]
[WhiteElo "2100"]
[BlackElo "1894"]
[PlyCount "73"]
[EventDate "2019.11.08"]
[EventType "swiss"]
[EventRounds "5"]
[EventCountry "CAN"]

1. d4 d5 2. Nf3 Nf6 3. c4 e6 4. Nc3 c6 5. Bg5 Be7 6. Qc2 Nbd7 7. cxd5 exd5 8.
e3 h6 9. Bh4 O-O 10. Bd3 Re8 11. O-O Nf8 12. Rab1 a5 13. a3 b6 14. Ne5 Bb7 15.
Rfc1 N6d7 16. Bxe7 Rxe7 17. Nf3 b5 18. b4 axb4 19. axb4 Nb6 20. Ra1 Nfd7 21.
Nd2 Nf6 22. Nb3 Nc4 23. Nc5 Qb8 24. h3 Bc8 25. Bxc4 bxc4 26. Rxa8 Qxa8 27. b5
cxb5 28. Nxb5 Qc6 29. Rb1 g6 30. Qb2 Bf5 31. Ra1 Ne4 32. Ra6 Qc8 33. Nd6 Qc7
34. Nxf5 gxf5 35. Rxh6 Qa5 36. Qb8+ Kg7 37. Qh8# 1-0

[Event "National Capital op"]
[Site "Ottawa CAN"]
[Date "2019.11.09"]
[Round "2"]
[White "Han, Johnathan"]
[Black "Pace, Christopher"]
[Result "1/2-1/2"]
[WhiteElo "2005"]
[BlackElo "2254"]
[PlyCount "67"]
[EventDate "2019.11.08"]
[EventType "swiss"]
[EventRounds "5"]
[EventCountry "CAN"]

1. e4 g6 2. d4 Bg7 3. Nc3 c6 4. Bc4 d6 5. f3 Nf6 6. Bb3 d5 7. e5 Ng8 8. Nce2 a5
9. a4 b6 10. c3 Ba6 11. f4 e6 12. Nf3 h5 13. Bc2 c5 14. Be3 Nd7 15. O-O Nh6 16.
Bf2 Ng4 17. h3 Nxf2 18. Rxf2 h4 19. Ng5 Bh6 20. Qd2 Bxe2 21. Rxe2 Bxg5 22. fxg5
Rh5 23. Rf1 Ra7 24. Ref2 Nf8 25. Rf6 Rh7 26. Qf2 Qe7 27. Bd3 c4 28. Bb1 Nd7 29.
Rf4 Nf8 30. Rf6 Nd7 31. Rf3 Nf8 32. Qe3 Rg7 33. Qf4 Rh7 34. Qe3 1/2-1/2

[Event "National Capital op"]
[Site "Ottawa CAN"]
[Date "2019.11.09"]
[Round "2"]
[White "Kearnan, Daniel"]
[Black "Dukic, Zachary"]
[Result "0-1"]
[WhiteElo "1848"]
[BlackElo "2380"]
[PlyCount "44"]
[EventDate "2019.11.08"]
[EventType "swiss"]
[EventRounds "5"]
[EventCountry "CAN"]

1. d4 Nf6 2. c4 g6 3. Nc3 Bg7 4. e4 d6 5. f4 c5 6. d5 O-O 7. Nf3 e6 8. dxe6
fxe6 9. Bd3 Nc6 10. O-O b6 11. Ng5 Qe7 12. f5 exf5 13. exf5 gxf5 14. Qf3 Bd7
15. Nd5 Nxd5 16. Qxd5+ Kh8 17. Bf4 Ne5 18. Rae1 Rae8 19. Bb1 h6 20. Nf3 Nxf3+
21. Qxf3 Bd4+ 22. Be3 Qxe3+ 0-1

[Event "National Capital op"]
[Site "Ottawa CAN"]
[Date "2019.11.09"]
[Round "2"]
[White "Liang, Jason"]
[Black "Ning, Alwin"]
[Result "1-0"]
[WhiteElo "2300"]
[BlackElo "1843"]
[PlyCount "53"]
[EventDate "2019.11.08"]
[EventType "swiss"]
[EventRounds "5"]
[EventCountry "CAN"]

1. b3 d5 2. Bb2 c5 3. e3 Nc6 4. Nf3 e6 5. Bb5 Bd7 6. O-O Nf6 7. Bxc6 Bxc6 8.
Ne5 Bd6 9. f4 O-O 10. d3 Rc8 11. Nd2 b6 12. Rf3 Bb7 13. Rh3 Be7 14. g4 g6 15.
g5 Ne8 16. Qg4 Ng7 17. Rf1 c4 18. Bd4 cxd3 19. cxd3 Rc2 20. Ndf3 Bc5 21. Qh4
Nh5 22. Ng4 Bxd4 23. Nxd4 Rxa2 24. Nf6+ Nxf6 25. gxf6 h5 26. Qg5 Re8 27. Rxh5
1-0

[Event "National Capital op"]
[Site "Ottawa CAN"]
[Date "2019.11.09"]
[Round "2"]
[White "Sambuev, Bator"]
[Black "Donev, Danail"]
[Result "1-0"]
[WhiteElo "2580"]
[BlackElo "2082"]
[PlyCount "63"]
[EventDate "2019.11.08"]
[EventType "swiss"]
[EventRounds "5"]
[EventCountry "CAN"]

1. e4 c5 2. Ne2 d6 3. g3 Nf6 4. Bg2 e5 5. O-O Be7 6. c3 Nc6 7. d4 O-O 8. h3 Re8
9. d5 Nb8 10. c4 Nbd7 11. Nbc3 Nf8 12. f4 Ng6 13. f5 Nf8 14. Kh2 a6 15. Ng1
N8d7 16. a4 a5 17. Nb5 Nb8 18. Ra3 Na6 19. g4 Rf8 20. g5 Ne8 21. Rg3 Kh8 22.
Qh5 g6 23. Qh6 Rg8 24. fxg6 Rxg6 25. Qh4 f6 26. gxf6 Rxf6 27. Bg5 Nb8 28. Bxf6+
Bxf6 29. Qh6 Nd7 30. Nf3 Bg7 31. Rxg7 Nxg7 32. Ng5 1-0

[Event "National Capital op"]
[Site "Ottawa CAN"]
[Date "2019.11.09"]
[Round "2"]
[White "Van Rooy, Jake"]
[Black "Tanaka, Tyler"]
[Result "0-1"]
[WhiteElo "1988"]
[BlackElo "2238"]
[PlyCount "58"]
[EventDate "2019.11.08"]
[EventType "swiss"]
[EventRounds "5"]
[EventCountry "CAN"]

1. e4 c5 2. Nc3 g6 3. Nge2 Bg7 4. d4 cxd4 5. Nxd4 Nc6 6. Be3 Nf6 7. Bc4 O-O 8.
Nb3 d6 9. Be2 Be6 10. f4 a6 11. g4 b5 12. Bf3 Rc8 13. Nd5 Bxd5 14. exd5 Na5 15.
Bd4 Qc7 16. Qd3 Nxb3 17. cxb3 Qc2 18. Qxc2 Rxc2 19. g5 Nh5 20. Be4 Bxd4 21.
Bxc2 Bxb2 22. Rb1 Bc3+ 23. Kd1 Nxf4 24. Be4 Nh3 25. Bg2 Nf2+ 26. Kc2 Rc8 27.
Rhf1 Bb4+ 28. Kb2 Nd3+ 29. Ka1 Bc3+ 0-1

[Event "National Capital op"]
[Site "Ottawa CAN"]
[Date "2019.11.09"]
[Round "2"]
[White "Zhong, Kevin"]
[Black "Joseph Benher, Savio"]
[Result "1/2-1/2"]
[WhiteElo "2229"]
[BlackElo "1966"]
[PlyCount "58"]
[EventDate "2019.11.08"]
[EventType "swiss"]
[EventRounds "5"]
[EventCountry "CAN"]

1. e4 c5 2. Ne2 e6 3. d4 cxd4 4. Nxd4 Nc6 5. Nc3 Nf6 6. Ndb5 Bc5 7. Bf4 O-O 8.
Bc7 Qe7 9. Bd6 Bxd6 10. Qxd6 Ne8 11. Qxe7 Nxe7 12. O-O-O f5 13. exf5 Nxf5 14.
f3 d5 15. Nd4 Nxd4 16. Rxd4 Nf6 17. Bb5 a6 18. Ba4 Bd7 19. Re1 Rfe8 20. Bxd7
Nxd7 21. Ne4 Nf6 22. Nc5 e5 23. Rd2 b6 24. Na4 Re6 25. Nc3 Rd8 26. Rde2 Rde8
27. Rd2 Rd8 28. Rde2 Rde8 29. Rd2 Rd8 1/2-1/2

[Event "National Capital op"]
[Site "Ottawa CAN"]
[Date "2019.11.09"]
[Round "3"]
[White "Desjardins, Michel"]
[Black "Zhong, Kevin"]
[Result "0-1"]
[WhiteElo "1946"]
[BlackElo "2229"]
[PlyCount "84"]
[EventDate "2019.11.08"]
[EventType "swiss"]
[EventRounds "5"]
[EventCountry "CAN"]

1. e4 c5 2. c3 d5 3. exd5 Qxd5 4. d4 g6 5. Nf3 Bg7 6. dxc5 Qxc5 7. Be3 Qc7 8.
Be2 Nf6 9. O-O O-O 10. Na3 Nc6 11. Nb5 Qb8 12. h3 Rd8 13. Qc1 Nd5 14. Bh6 a6
15. Bxg7 Kxg7 16. Nbd4 Nxd4 17. Nxd4 e5 18. Nf3 Bf5 19. Rd1 Nf4 20. Qe3 f6 21.
Bf1 Qc7 22. a4 Rxd1 23. Rxd1 Bc2 24. Ra1 Rd8 25. Ne1 Bf5 26. a5 Nd5 27. Qg3 Nf4
28. Qe3 Qd6 29. Nf3 Qc7 30. Ne1 e4 31. g4 Nd5 32. Qe2 Nf4 33. Qe3 Bd7 34. Nc2
Re8 35. Nb4 h5 36. g5 fxg5 37. Rd1 Bf5 38. Qd4+ Kh6 39. Nd5 Nxd5 40. Qxd5 e3
41. fxe3 Qg3+ 42. Bg2 Be4 0-1

[Event "National Capital op"]
[Site "Ottawa CAN"]
[Date "2019.11.09"]
[Round "3"]
[White "Dukic, Zachary"]
[Black "Sambuev, Bator"]
[Result "0-1"]
[WhiteElo "2380"]
[BlackElo "2580"]
[PlyCount "74"]
[EventDate "2019.11.08"]
[EventType "swiss"]
[EventRounds "5"]
[EventCountry "CAN"]

1. e4 c5 2. Nf3 Nc6 3. d4 cxd4 4. Nxd4 Nf6 5. Nc3 d6 6. Bg5 e6 7. Qd2 a6 8.
O-O-O h6 9. Nxc6 bxc6 10. Bf4 d5 11. Qe3 Be7 12. Be2 O-O 13. e5 Nd7 14. h4 f6
15. Qg3 Nxe5 16. Bxh6 Rf7 17. Bh5 Bf8 18. Bxf7+ Nxf7 19. Bd2 e5 20. f4 e4 21.
Be3 Qa5 22. Bd4 Be7 23. f5 Nh6 24. Rhf1 Nxf5 25. Rxf5 Bxf5 26. Rf1 Qb4 27. Ne2
Bd6 28. Qe3 Bg4 29. Nc3 Rf8 30. b3 Be5 31. Bxe5 fxe5 32. Rxf8+ Qxf8 33. Qg5
Qf4+ 34. Qxf4 exf4 35. Kd2 Kf7 36. Na4 Kf6 37. Nc5 Bc8 0-1

[Event "National Capital op"]
[Site "Ottawa CAN"]
[Date "2019.11.09"]
[Round "3"]
[White "Joseph Benher, Savio"]
[Black "Gribanov, Anton"]
[Result "1-0"]
[WhiteElo "1966"]
[BlackElo "2100"]
[PlyCount "100"]
[EventDate "2019.11.08"]
[EventType "swiss"]
[EventRounds "5"]
[EventCountry "CAN"]

1. e4 c5 2. Nf3 d6 3. d4 cxd4 4. Nxd4 Nf6 5. Nc3 a6 6. Be3 e6 7. f3 Qc7 8. g4
h6 9. Qd2 Nbd7 10. O-O-O b5 11. Kb1 b4 12. Nce2 Ne5 13. Ng3 Bd7 14. Nh5 Nxh5
15. gxh5 Nc4 16. Bxc4 Qxc4 17. Rhg1 e5 18. Nf5 Bxf5 19. exf5 Rc8 20. Rg2 a5 21.
Qd5 Qxd5 22. Rxd5 Ke7 23. Rxa5 Kf6 24. Ra7 Be7 25. Bf2 Rc4 26. Rg4 Rhc8 27.
Bh4+ Kxf5 28. Rxc4 Rxc4 29. Bxe7 Ke6 30. Bf8 Rh4 31. a4 bxa3 32. bxa3 Rxh2 33.
Ra6 g6 34. Rxd6+ Kf5 35. hxg6 fxg6 36. c4 Rh3 37. Rd3 Kf4 38. Kc2 h5 39. c5
Rh2+ 40. Kb3 Rh1 41. Kc2 Rh2+ 42. Rd2 Rh4 43. c6 Kxf3 44. Kc3 Rf4 45. Bc5 Rf6
46. Rf2+ Ke4 47. Rxf6 h4 48. Rxg6 h3 49. Rh6 h2 50. Rxh2 Kf3 1-0

[Event "National Capital op"]
[Site "Ottawa CAN"]
[Date "2019.11.09"]
[Round "3"]
[White "Pace, Christopher"]
[Black "Sadeghi, Saeid"]
[Result "1-0"]
[WhiteElo "2264"]
[BlackElo "2137"]
[PlyCount "95"]
[EventDate "2019.11.08"]
[EventType "swiss"]
[EventRounds "5"]
[EventCountry "CAN"]

1. d4 d5 2. c4 c6 3. Nc3 Nf6 4. Nf3 e6 5. e3 Nbd7 6. cxd5 exd5 7. Bd3 Bd6 8. h3
O-O 9. O-O Re8 10. Nh4 g6 11. f4 Ne4 12. Nf3 Ng3 13. Rf2 Nf6 14. Rb1 Bf5 15.
Rc2 Bxd3 16. Qxd3 Nfe4 17. b4 a6 18. Na4 b5 19. Nc5 Nxc5 20. dxc5 Bf8 21. Kh2
Ne4 22. Bb2 Bg7 23. Nd4 Qc7 24. a4 bxa4 25. Ra1 Bxd4 26. Qxd4 f6 27. Rxa4 Reb8
28. Ba1 Rb5 29. Rca2 Qb7 30. Bc3 Kf7 31. Be1 Qc8 32. Qa1 a5 33. Rxa5 Rbxa5 34.
Rxa5 Rxa5 35. Qxa5 Qb7 36. Kg1 g5 37. Qd8 Qb5 38. Qd7+ Kg8 39. fxg5 fxg5 40.
Bc3 Nxc3 41. Qe8+ Kg7 42. Qe5+ Kg6 43. Qxc3 h5 44. Qe5 h4 45. Kh2 Qa6 46. Qe6+
Kg7 47. Qf5 Qc4 48. Qxg5+ 1-0

[Event "National Capital op"]
[Site "Ottawa CAN"]
[Date "2019.11.09"]
[Round "3"]
[White "Tanaka, Tyler"]
[Black "Liang, Jason"]
[Result "0-1"]
[WhiteElo "2238"]
[BlackElo "2300"]
[PlyCount "98"]
[EventDate "2019.11.08"]
[EventType "swiss"]
[EventRounds "5"]
[EventCountry "CAN"]

1. e4 c6 2. Nc3 d5 3. Nf3 dxe4 4. Nxe4 Nf6 5. Qe2 Nxe4 6. Qxe4 Qa5 7. Ne5 Nd7
8. Nc4 Qd5 9. Qxd5 cxd5 10. Ne3 e6 11. d4 Bd6 12. c4 dxc4 13. Nxc4 Bc7 14. Be2
Nb6 15. O-O O-O 16. Rd1 Rd8 17. Nxb6 Bxb6 18. Be3 Bd7 19. Bf3 Bc6 20. Bxc6 bxc6
21. Rac1 Rd6 22. Kf1 Kf8 23. Ke2 Rad8 24. b3 Ke7 25. g3 e5 26. dxe5 Rxd1 27.
Rxd1 Rxd1 28. Kxd1 Bxe3 29. fxe3 Ke6 30. Ke2 Kxe5 31. Kd3 f5 32. a3 Kd5 33. b4
Ke5 34. h3 Kd5 35. a4 g6 36. h4 h6 37. a5 a6 38. Kc3 c5 39. Kb3 cxb4 40. Kxb4
g5 41. hxg5 hxg5 42. Kc3 Ke4 43. Kc4 Kxe3 44. Kc5 f4 45. gxf4 gxf4 46. Kb6 f3
47. Kxa6 f2 48. Kb7 f1=Q 49. a6 Qb5+ 0-1

[Event "National Capital op"]
[Site "Ottawa CAN"]
[Date "2019.11.09"]
[Round "3"]
[White "Xu, Daniel"]
[Black "Ramesh, Sanjay"]
[Result "1-0"]
[WhiteElo "2186"]
[BlackElo "1920"]
[PlyCount "71"]
[EventDate "2019.11.08"]
[EventType "swiss"]
[EventRounds "5"]
[EventCountry "CAN"]

1. d4 d5 2. c4 e6 3. Nc3 Nf6 4. cxd5 exd5 5. Bg5 Be7 6. e3 O-O 7. Bd3 Nbd7 8.
Nge2 b6 9. O-O Bb7 10. Rc1 a6 11. h3 Ne4 12. Bxe7 Qxe7 13. Nf4 Qd6 14. Qc2 f5
15. Ncxd5 g5 16. Bxe4 gxf4 17. Ne7+ Qxe7 18. Bxb7 Rad8 19. Qb3+ Kh8 20. Rxc7
Qg5 21. Rfc1 fxe3 22. Qxe3 f4 23. Qf3 Nf6 24. Rc8 a5 25. Rxd8 Rxd8 26. Rc8 Rxc8
27. Bxc8 Nd5 28. Be6 Nc7 29. Bb3 b5 30. a3 Qf5 31. Kh2 Qf6 32. Qg4 Qf8 33. Qd7
Ne8 34. Qxb5 Qe7 35. Qxa5 f3 36. Qe5+ 1-0

[Event "National Capital op"]
[Site "Ottawa CAN"]
[Date "2019.11.10"]
[Round "4"]
[White "Gordon, David"]
[Black "Sadeghi, Saeid"]
[Result "1/2-1/2"]
[WhiteElo "2260"]
[BlackElo "2137"]
[PlyCount "119"]
[EventDate "2019.11.08"]
[EventType "swiss"]
[EventRounds "5"]
[EventCountry "CAN"]

1. d4 Nf6 2. Bg5 d5 3. e3 Nbd7 4. Nf3 e6 5. c4 Be7 6. Nc3 O-O 7. cxd5 exd5 8.
Bd3 c6 9. Qc2 Re8 10. O-O Nf8 11. h3 Ng6 12. Bxf6 Bxf6 13. b4 b6 14. Rab1 Bb7
15. Rfc1 Nf8 16. Nd2 g6 17. Nb3 Ne6 18. Na4 Rc8 19. Qd1 Be7 20. a3 Qd7 21. Nc3
f5 22. Qf1 f4 23. e4 dxe4 24. Nxe4 Ng5 25. f3 Nxe4 26. fxe4 Rf8 27. Be2 h5 28.
Bf3 Kh7 29. Qc4 Kh6 30. Qe2 c5 31. dxc5 bxc5 32. Nxc5 Bxc5+ 33. Rxc5 Rxc5 34.
bxc5 Qd4+ 35. Qf2 Qg7 36. Qb2 Bc6 37. Qxg7+ Kxg7 38. e5 Bxf3 39. gxf3 Rc8 40.
Rb7+ Kf8 41. Rxa7 Rxc5 42. e6 g5 43. Rh7 h4 44. Ra7 Rc1+ 45. Kf2 Rc2+ 46. Kf1
Rc1+ 47. Ke2 Rh1 48. Kd3 Re1 49. e7+ Ke8 50. Kd4 Re3 51. a4 Rxf3 52. Ke5 Kf7
53. Kf5 Rg3 54. Rb7 f3 55. Rb1 Kxe7 56. a5 f2 57. Rf1 Rxh3 58. Kxg5 Ra3 59.
Kxh4 Rxa5 60. Rxf2 1/2-1/2

[Event "National Capital op"]
[Site "Ottawa CAN"]
[Date "2019.11.10"]
[Round "4"]
[White "Gribanov, Anton"]
[Black "Desjardins, Michel"]
[Result "0-1"]
[WhiteElo "2100"]
[BlackElo "1946"]
[PlyCount "50"]
[EventDate "2019.11.08"]
[EventType "swiss"]
[EventRounds "5"]
[EventCountry "CAN"]

1. d4 d5 2. Nf3 Nf6 3. c4 c6 4. Nc3 a6 5. a4 e6 6. Bg5 a5 7. Qc2 Be7 8. e3 Na6
9. Rc1 Nb4 10. Qb1 h6 11. Bh4 O-O 12. Ne5 Nd7 13. Bxe7 Qxe7 14. f4 Nxe5 15.
fxe5 Qg5 16. Nd1 f6 17. exf6 Rxf6 18. g3 e5 19. Bd3 Bh3 20. cxd5 exd4 21. dxc6
bxc6 22. Bc4+ Kh8 23. Be2 Rd8 24. exd4 Rxd4 25. Nf2 Qd2# 0-1

[Event "National Capital op"]
[Site "Ottawa CAN"]
[Date "2019.11.10"]
[Round "4"]
[White "Mahdjoubi, Abdelaziz"]
[Black "Kearnan, Daniel"]
[Result "0-1"]
[WhiteElo "2037"]
[BlackElo "1848"]
[PlyCount "96"]
[EventDate "2019.11.08"]
[EventType "swiss"]
[EventRounds "5"]
[EventCountry "CAN"]

1. e4 e5 2. Nf3 Nc6 3. Bb5 Nf6 4. d3 Bc5 5. O-O d6 6. c3 O-O 7. Bg5 h6 8. Bh4
g5 9. Nxg5 hxg5 10. Bxg5 Kg7 11. Qf3 Rh8 12. Bxc6 bxc6 13. Rd1 Qe7 14. d4 Bb6
15. d5 cxd5 16. exd5 e4 17. Qg3 Bf5 18. h4 Bg6 19. Nd2 Qe5 20. Qxe5 dxe5 21.
Nc4 Ng4 22. Nxb6 axb6 23. g3 f6 24. Be3 Nxe3 25. fxe3 Bh5 26. Rd2 Rhd8 27. a3
Rd6 28. Rf1 Bf3 29. Rc1 Rad8 30. c4 c6 31. c5 bxc5 32. Rxc5 cxd5 33. b4 d4 34.
Rc7+ R8d7 35. Rxd7+ Rxd7 36. Kf2 d3 37. b5 Rb7 38. a4 Bg4 39. Rb2 Bd7 40. Rb4
f5 41. b6 Bxa4 42. Rxa4 Rxb6 43. Ra2 Rc6 44. Ke1 Kh6 45. Rf2 Rc1+ 46. Kd2 Rc2+
47. Ke1 Rxf2 48. Kxf2 Kh5 0-1

[Event "National Capital op"]
[Site "Ottawa CAN"]
[Date "2019.11.10"]
[Round "4"]
[White "Ning, Alwin"]
[Black "Pace, Christopher"]
[Result "0-1"]
[WhiteElo "1843"]
[BlackElo "2264"]
[PlyCount "66"]
[EventDate "2019.11.08"]
[EventType "swiss"]
[EventRounds "5"]
[EventCountry "CAN"]

1. e4 g6 2. d4 Bg7 3. f4 d5 4. e5 Nh6 5. Nf3 Bg4 6. Be2 f6 7. O-O O-O 8. b3 Nf5
9. Qd3 c6 10. Bb2 Bh6 11. Ne1 Bxe2 12. Qxe2 fxe5 13. dxe5 Qb6+ 14. Kh1 Ne3 15.
Rf3 Bxf4 16. Nd3 Bh6 17. Rxf8+ Bxf8 18. e6 Na6 19. Qf3 Nf5 20. Ne5 Qe3 21. Qxe3
Nxe3 22. Na3 Bg7 23. Re1 Rf8 24. h3 Nxc2 25. Nxc2 Rf2 26. Rc1 Bh6 27. Bd4 Re2
28. Rf1 Rxc2 29. Rf7 c5 30. Bg1 Re2 31. Ng4 Bg5 32. Rf1 Rxe6 33. Rd1 d4 0-1

[Event "National Capital op"]
[Site "Ottawa CAN"]
[Date "2019.11.10"]
[Round "4"]
[White "Sambuev, Bator"]
[Black "Liang, Jason"]
[Result "1-0"]
[WhiteElo "2580"]
[BlackElo "2300"]
[PlyCount "97"]
[EventDate "2019.11.08"]
[EventType "swiss"]
[EventRounds "5"]
[EventCountry "CAN"]

1. Nf3 Nf6 2. c4 e6 3. g3 d5 4. Bg2 Be7 5. O-O O-O 6. b3 b6 7. Bb2 Bb7 8. e3 c5
9. Nc3 dxc4 10. bxc4 Nc6 11. Qe2 a6 12. Rfd1 Rb8 13. d4 cxd4 14. exd4 Na5 15.
d5 exd5 16. cxd5 Re8 17. Qd3 b5 18. Rac1 Nc4 19. Ba1 Bc5 20. Nd4 Ne5 21. Qf5
Bc8 22. Qf4 Nh5 23. Qd2 Bg4 24. Nc6 Nxc6 25. dxc6 Bxd1 26. Nd5 Bg4 27. c7 Qd6
28. cxb8=Q Rxb8 29. Qg5 Ba3 30. Qxg4 Bxc1 31. Qxh5 Qe6 32. Qd1 Bh6 33. Bf3 Re8
34. Kg2 Qe1 35. Qd4 Qd2 36. Qg4 Qg5 37. Qd7 Qd8 38. Qb7 Qd6 39. Bc3 Rb8 40. Qa7
Re8 41. Bb4 Qe5 42. Qxa6 Qb8 43. Qc6 Re6 44. Qd7 Bg5 45. h4 Bf6 46. Nc7 Re5 47.
Bd6 Re1 48. Ne6 Qb6 49. Qe8# 1-0

[Event "National Capital op"]
[Site "Ottawa CAN"]
[Date "2019.11.10"]
[Round "4"]
[White "Xu, Daniel"]
[Black "Dukic, Zachary"]
[Result "0-1"]
[WhiteElo "2186"]
[BlackElo "2380"]
[PlyCount "72"]
[EventDate "2019.11.08"]
[EventType "swiss"]
[EventRounds "5"]
[EventCountry "CAN"]

1. Nf3 Nf6 2. g3 g6 3. Bg2 Bg7 4. O-O O-O 5. d3 d5 6. Nbd2 Nc6 7. e4 e5 8. c3
a5 9. Re1 dxe4 10. dxe4 a4 11. Qc2 Nd7 12. Nf1 Nc5 13. Bg5 f6 14. Rad1 Qe7 15.
Be3 Be6 16. Qb1 Na5 17. Bxc5 Qxc5 18. Ne3 c6 19. Bf1 Bh6 20. Bd3 Rf7 21. Nd2 b5
22. a3 Raf8 23. Bf1 f5 24. Bh3 Qe7 25. exf5 gxf5 26. Ng2 Bd5 27. f4 Qa7+ 28.
Kh1 exf4 29. gxf4 Rg7 30. Qd3 Bxf4 31. Rf1 Qc7 32. Rf2 Kh8 33. Rdf1 Bxh2 34.
Rxf5 Rfg8 35. Qd4 Qg3 36. Rxd5 Qxh3 0-1